Statistics for All the teams that won the Premier League. 2022/23

Click here to take the quiz!

General Stats

  • This quiz has been taken 32 times
    (26 since last reset)
  • The average score is 97 of 122

Answer Stats

YearTeam% Correct
1954-55 | 2004-05 | 2005-06 | +3 othersChelsea
100%
1900-01 | 1905-06 | 1921-22 | +16 othersLiverpool
100%
1936-37 | 1967-68 | 2011-12 | +5 othersManchester City
100%
1907-08 | 1910-11 | 1951-52 | +17 othersManchester United
100%
1930-31 | 1932-33 | 1933-34 | +10 othersArsenal
96%
2015-16Leicester City
88%
1904-05 | 1906-07 | 1908-09 | 1926-27Newcastle United
84%
1950-51 | 1960-61Tottenham Hotspur
84%
1893-94 | 1895-96 | 1896-97 | +4 othersAston Villa
76%
1890-91 | 1914-15 | 1927-28 | +6 othersEverton
72%
1977-78Nottingham Forest
72%
1911-12 | 1913-14 | 1994-95Blackburn Rovers
64%
1953-54 | 1957-58 | 1958-59Wolverhampton Wanderers
56%
1968-69 | 1973-74 | 1991-92Leeds United
48%
1891-92 | 1892-93 | 1894-95 | +3 othersSunderland
44%
1920-21 | 1959-60Burnley
36%
1971-72 | 1974-75Derby County
36%
1897-98Sheffield United
36%
1902-03 | 1903-04 | 1928-29 | 1929-30Sheffield Wednesday
36%
1889-90Preston North End
32%
1961-62Ipswich Town
28%
1948-49 | 1949-50Portsmouth
28%
1923-24 | 1924-25 | 1925-26Huddersfield Town
24%
1888-89Preston North End
24%

Score Distribution

Percentile by Number Answered

Percent of People with Each Score

Your Score History

You have not taken this quiz since the last reset